| 000 -LEADER |
| fixed length control field |
01704cam a22003252 4500 |
| 001 - CONTROL NUMBER |
| control field |
403752 |
| 003 - CONTROL NUMBER IDENTIFIER |
| control field |
OSt |
| 005 - DATE AND TIME OF LATEST TRANSACTION |
| control field |
20230811151806.0 |
| 008 - FIXED-LENGTH DATA ELEMENTS--GENERAL INFORMATION |
| fixed length control field |
050903s2004 nyuab c b 00010beng c |
| 020 ## - INTERNATIONAL STANDARD BOOK NUMBER |
| International Standard Book Number |
9780448431055 |
| 040 ## - CATALOGING SOURCE |
| Original cataloging agency |
DLC |
| Transcribing agency |
DLC |
| Modifying agency |
TAE |
| -- |
KH8 |
| 042 ## - AUTHENTICATION CODE |
| Authentication code |
pcc |
| -- |
lcac |
| 082 04 - DEWEY DECIMAL CLASSIFICATION NUMBER |
| Classification number |
910.92 KRA |
| 100 10 - MAIN ENTRY--PERSONAL NAME |
| Personal name |
Kramer, Sydelle. |
| Relator term |
author. |
| 245 10 - TITLE STATEMENT |
| Title |
Who was Ferdinand Magellan? / |
| Statement of responsibility, etc. |
by Sydelle Kramer ; illustrated by Elizabeth Wolf. |
| 260 0# - PUBLICATION, DISTRIBUTION, ETC. |
| Place of publication, distribution, etc. |
New York : |
| Name of publisher, distributor, etc. |
Grosset & Dunlap, |
| Date of publication, distribution, etc. |
c2004. |
| 300 ## - PHYSICAL DESCRIPTION |
| Extent |
105 pages : |
| Other physical details |
ill., maps ; |
| Dimensions |
5.38 x 0.25 x 7.63 inches. |
| 504 ## - BIBLIOGRAPHY, ETC. NOTE |
| Bibliography, etc. note |
Includes bibliographical references (p. [106]). |
| 505 0# - FORMATTED CONTENTS NOTE |
| Formatted contents note |
Who was Ferdinand Magellan? -- The boy becomes a man -- War hero -- A new king listens -- Getting ready -- Tricky seas -- Frozen in -- The Pacific -- The crossing -- The last battle -- End of the journey. |
| 520 ## - SUMMARY, ETC. |
| Summary, etc. |
When Portuguese sailor Ferdinand Magellan set sail from Spain in 1519, he believed he could get to the Spice Islands by sailing west through or aro und the New World. He was right, but what he didn't know was that the treach erous voyage would take him three years and cost him his life. Black-and-white line drawings illustrate Magellan's life and voyage, with sidebars and a time line that enhance readers' understanding of the period. |
| 521 ## - TARGET AUDIENCE NOTE |
| Target audience note |
9-12. |
| 600 11 - SUBJECT ADDED ENTRY--PERSONAL NAME |
| Personal name |
Magellan, Ferdinand, |
| Dates associated with a name |
d. 1521. |
| 600 10 - SUBJECT ADDED ENTRY--PERSONAL NAME |
| Personal name |
Magalhaaes, Fernaao de, |
| Dates associated with a name |
d. 1521 |
| General subdivision |
Juvenile literature. |
| 650 #1 - SUBJECT ADDED ENTRY--TOPICAL TERM |
| Topical term or geographic name entry element |
Voyages around the world. |
| 650 #0 - SUBJECT ADDED ENTRY--TOPICAL TERM |
| Topical term or geographic name entry element |
Explorers |
| Form subdivision |
Biography |
| General subdivision |
Juvenile literature. |
| Geographic subdivision |
Portugal. |
| 650 #0 - SUBJECT ADDED ENTRY--TOPICAL TERM |
| Topical term or geographic name entry element |
Voyages around the world |
| General subdivision |
Juvenile literature. |
| 650 #1 - SUBJECT ADDED ENTRY--TOPICAL TERM |
| Topical term or geographic name entry element |
Explorers. |
| 700 11 - ADDED ENTRY--PERSONAL NAME |
| Personal name |
Wolf, Elizabeth, |
| Dates associated with a name |
1954- |
| Relator term |
ill. |
| 942 ## - ADDED ENTRY ELEMENTS (KOHA) |
| Source of classification or shelving scheme |
|
| Koha item type |
Teaching Resources |